Historia del vino chileno: desde 1850 hasta hoy

Bewaard in:
Bibliografische gegevens
Hoofdauteur: Pozo, José del (Auteur)
Formaat: Boek
Taal:Spaans
Gepubliceerd in: Santiago, Chile Universitaria 1998
Onderwerpen:
Tags: Voeg label toe
Geen labels, Wees de eerste die dit record labelt!

MARC

LEADER 00000nam a2200000 a 4500
001 UCQ2606
003 CL-VaPUC
005 20250228115630.0
008 980724e19980000CL |||||||||||||||||spa|d
999 |c 273404  |d 273402 
040 |c Pontificia Universidad Católica de Valparaíso 
082 0 4 |a 641.22 POZ 1998  |2 21 
100 0 |a Pozo, José del  |e author  |9 372305 
245 1 0 |a Historia del vino chileno:  |b  desde 1850 hasta hoy 
260 |a Santiago, Chile  |b Universitaria  |c 1998 
300 |a 315 páginas 
583 |a last modification  |c 19980724 00:00:00  |k Rodrigo Vera 
650 0 |a Vino  |9 347466 
650 0 |a Historia  |9 255047 
650 0 |a Enología  |z CHILE  |9 347465 
650 0 |a Viticultura  |z CHILE  |9 301210 
650 0 |a REFORMA AGRARIA  |z CHILE  |9 256789 
852 |a BIBCUR 
942 |c BK  |2 ddc 
945 |d 19980724 00:00:00  |a aarredon 
952 |0 0  |1 0  |2 ddc  |4 0  |6 641_220000000000000_POZ_1998  |7 0  |8 A  |9 308941  |a BIBHIS  |b BIBHIS  |d 2019-11-20  |i 3447227  |l 2  |o 641.22 POZ 1998  |p 3447227  |r 2025-01-20  |s 2024-10-07  |t 1  |w 2019-11-20  |y BK  |k HIS 
952 |0 0  |1 0  |2 ddc  |4 0  |6 641_220000000000000_POZ_1998  |7 0  |8 A  |9 308942  |a BIBHIS  |b BIBHIS  |d 2019-11-20  |i 3530663  |o 641.22 POZ 1998  |p 3530663  |r 2025-01-20  |t 2  |w 2019-11-20  |y BK  |k HIS